000 00520nam a22001697a 4500
005 20231026141746.0
008 231026b |||||||| |||| 00| 0 eng d
020 _a9780409033700
041 _aEnglish
082 _a346.7 MOO
100 _aMoorcroft, J and Vessio, ML
_lEnglish
245 _aBanking Law and Practice /
_cJ Moorcroft and ML Vessio
260 _aDurban :
_bLexisNexis,
_c2009
300 _bxvi ; 40-23 pages ;
_c26 cm.
650 _aLegal practice
_bLaw
942 _cBK
_6ALISON_BN_VRIES
999 _c97
_d97